1903 1779 1519 1538 1288 1047 1115 1487 1308 1981 1436 1067 1203 1805 1395 1403 1477 1041 1944 1273 1109 1748 1402 1341 1749 1895 1180 1589 1291 1988 1759 1985 1573 1231 1606 1747 1825 1940 1730 1937 1604 1663 1793 1168 1646 1770 1546 1640 1781 1634 1376 1102 1876 1428 1323 1084 1196 1711 2000 1072 1034 1049 1598 1699 1562 1766 1715 1139 1911 1195 1933 1161 1026 1117 1751 1671 1033 1366 1410 1010 1399 1911 1645 1704 1618 1790 1178 1680 1823 1230 1989 1359 1621 1654 1792 1003 1441 1305 1965 BCNSPRNW ULIB Ver.6.0+V

เปลี่ยนเป็นภาษาไทย

Change to English
 แสดงรายละเอียดบรรณานุกรม
  กลับหน้าหลัก

Brief Record : Get Marc (ISO 2709) : E-mail record : QR code < ปิดหน้าต่าง
LEADER : 00000nam 2200000uu 4500
001    13399120660
003     ULIB
008    121002s2550||||th 000 0 tha d
020    ^a9742727708
050  4 ^aBQ4190^bว111ค
100 0  ^aว. วชิรเมธี
245 10 ^aธรรมะติดปีก /^cว.วชิรเมธี
250    ^aพิมพ์ครั้งที่ 21
260    ^aกรุงเทพฯ :^bอมรินทร์,^c2550
300    ^a198 หน้า :^bภาพประกอบ ;^c17 ซม.
440  0 ^aธรรมะประยุกต์ ;^vลำดับที่ 1
650  7 ^aธรรมะ (พุทธศาสนา)
650  7 ^aธรรมะกับชีวิตประจำวัน
650  7 ^aพุทธศาสนา
945    ^p125^l0^i14480
995    ^aวิภา
999 ^a ใช้งานได้ทุกระบบ
รายการนี้ยังไม่มีแท็ก
คุณยังไม่ได้ล็อกอิน คุณสามารถมีกิจกรรมร่วมกับเว็บไซต์ได้ แต่ต้องล็อกอินก่อน ::
  ล็อกอิน

รายการสื่อสารสนเทศ

ลำดับที่ ประเภท เลขเรียก/บาร์โค้ด สถานที่ สถานะ
1. วิทยาศาสตร์การแพทย์ และสุขภาพ
วิทยาศาสตร์การแพทย์ และสุขภาพ
BQ4190 ว111ค  
  Barcode: 14480
ห้องสมุดวิทยาเขตสวรรค์ประชารักษ์
►หนังสือทั่วไป
บนชั้น

รายการใกล้เคียง
    ผู้แต่ง [ว. วชิรเมธี]

    หัวเรื่อง [ธรรมะ (พุทธศาสนา)]
    หัวเรื่อง [ธรรมะกับชีวิตประจำวัน]
    หัวเรื่อง [พุทธศาสนา]

BibComment


ยังไม่เคยถูกคอมเมนท์

คอมเมนท์ทรัพยากรรายการนี้
  คอมเมนท์: ธรรมะติดปีก ววช..


 Copyright 2026. Bcnsprnw @Library